Africa Countries - Blind Typing - Statistics

General Stats
  • This quiz has been taken 157 times
  • The average score is 47 of 54
Answer Stats
Country % Correct
Niger
95%
Nigeria
95%
Egypt
94%
Mali
94%
Algeria
93%
Morocco
93%
South Africa
93%
Angola
92%
Kenya
92%
Madagascar
92%
Chad
91%
Democratic Republic of the Congo
91%
Libya
91%
South Sudan
91%
Sudan
91%
Republic of the Congo
90%
Rwanda
90%
Botswana
89%
Eritrea
89%
Lesotho
89%
Tunisia
89%
Gambia
88%
Ghana
88%
Namibia
88%
Togo
88%
Burkina Faso
87%
Cameroon
87%
Central African Republic
87%
Eswatini
87%
Ethiopia
87%
Gabon
87%
Guinea
87%
Mauritania
87%
Uganda
87%
Benin
86%
Senegal
86%
Tanzania
86%
Zambia
86%
Zimbabwe
86%
Djibouti
85%
Ivory Coast
85%
Liberia
85%
Mozambique
85%
Somalia
85%
Cape Verde
84%
Guinea-Bissau
84%
Malawi
84%
Seychelles
84%
Sierra Leone
84%
Burundi
83%
Mauritius
83%
Sao Tome and Principe
83%
Comoros
82%
Equatorial Guinea
81%
No matching quizzes found
Score Distribution
Percent of People with Each Score
Percentile by Number Answered
Your Score History
You have not taken this quiz